000 00774nam a2200217Ia 4500
003 CO-CtgCURN
005 20250407185734.0
008 190722s9999 xx 000 0 und d
020 _a9789587613216
040 _aCO-CtgCURN
_bspa
_ccoctgcurn
082 _a342.46
_bC758c
245 0 _aLa constitucion de 1812 en Hispanoamerica y Espana /
_ced., Heraclio Bonilla
260 _aBogotá, Colombia :
_bAlcaldia Mayor de Bogotá,
_c2012
300 _a337 páginas ;
_c24 centímetros
504 _aIncluye referencias bibliográficas
521 _aAREA PROFESIONAL
590 _aPrograma de Derecho_18
650 _aAmerica Latina
_xConstitucion
942 _cBK
_h342.46
_iC758c
_2ddc
_n0
999 _c28473
_d28473